HUMAN RESOURCE MANAGEMENT IN HOSPITALS (Record no. 2817)

000 -LEADER
fixed length control field 00514nam a22002057a 4500
003 - CONTROL NUMBER IDENTIFIER
control field OSt
005 - DATE AND TIME OF LATEST TRANSACTION
control field 20210722055925.0
008 - FIXED-LENGTH DATA ELEMENTS--GENERAL INFORMATION
fixed length control field 210722b ||||| |||| 00| 0 eng d
020 ## - INTERNATIONAL STANDARD BOOK NUMBER
International Standard Book Number 8120316142
040 ## - CATALOGING SOURCE
Transcribing agency ALUPE UNIVERSITY
050 ## - LIBRARY OF CONGRESS CALL NUMBER
Classification number RA971
Item number .G69 2000
100 ## - MAIN ENTRY--PERSONAL NAME
Personal name R.C. GOYAL
245 ## - TITLE STATEMENT
Title HUMAN RESOURCE MANAGEMENT IN HOSPITALS
250 ## - EDITION STATEMENT
Edition statement 3rd ed.
260 ## - PUBLICATION, DISTRIBUTION, ETC.
Place of publication, distribution, etc. India
Name of publisher, distributor, etc. Asoke K. Ghosh
Date of publication, distribution, etc. 2000
300 ## - PHYSICAL DESCRIPTION
Extent ix,386,
Other physical details ills
500 ## - GENERAL NOTE
General note index
650 ## - SUBJECT ADDED ENTRY--TOPICAL TERM
Topical term or geographic name entry element Management in Hospitals
942 ## - ADDED ENTRY ELEMENTS (KOHA)
Source of classification or shelving scheme
Koha item type Book
Suppress in OPAC pw
Holdings
Withdrawn status Lost status Source of classification or shelving scheme Damaged status Not for loan Permanent Location Current Location Shelving location Date acquired Source of acquisition Total Checkouts Full call number Barcode Date last seen Price effective from Koha item type Public note
          AU LIBRARY AU LIBRARY Open Shelf 22.07.2021 DONATION FROM MOI UNIVERSITY   RA971 .G69 2000 28002196 22.07.2021 22.07.2021 Book PW

Powered by Koha